[Event "Bled Olympiad"]
[Site "Bled SLO"]
[Date "2002.10.28"]
[EventDate "2002.10.26"]
[Round "3"]
[Result "0-1"]
[White "Mohamed Henni"]
[Black "Aleksei Holmsten"]
[WhiteElo "2265"]
[BlackElo "2410"]
[PlyCount "89"]

1. e4 c5 2. Nc3 Nc6 3. g3 g6 4. Bg2 Bg7 5. Nge2 d6 6. O-O e6
7. d3 Nge7 8. Be3 Nd4 9. f4 O-O 10. Rb1 a5 11. Bf2 Nec6
12. Nxd4 Nxd4 13. Ne2 Nxe2+ 14. Qxe2 b5 15. e5 Rb8 16. d4 cxd4
17. Bxd4 Bb7 18. Rbd1 Bxg2 19. Kxg2 Rc8 20. Bc3 b4 21. Rxd6
Qe8 22. Bd4 Qa4 23. c4 Qxa2 24. c5 Rfe8 25. Rc1 Bf8 26. Qc4
Qxc4 27. Rxc4 Bxd6 28. exd6 Red8 29. Bf6 Rd7 30. b3 Kf8
31. Kf3 Ke8 32. Ke4 Rc6 33. Bd4 Rb7 34. Ke5 Kd7 35. g4 Rc8
36. g5 Kc6 37. Rc1 h6 38. h4 hxg5 39. fxg5 Rh8 40. Bf2 a4
41. bxa4 b3 42. Kf6 Ra8 43. Bd4 Rxa4 44. Bb2 Rxh4 45. Ba3 0-1

[Event "Bled Olympiad"]
[Site "Bled SLO"]
[Date "2002.10.28"]
[EventDate "2002.10.26"]
[Round "3"]
[Result "1-0"]
[White "Sergei Azarov"]
[Black "Suan-Shiau Evans-Quek"]
[WhiteElo "2520"]
[BlackElo "2274"]
[PlyCount "93"]

1. e4 d6 2. d4 g6 3. Nf3 Bg7 4. Be2 Nf6 5. Nc3 Bg4 6. h3 Bxf3
7. Bxf3 Nc6 8. d5 Ne5 9. Be2 c6 10. O-O O-O 11. dxc6 bxc6
12. Be3 Qc7 13. Qd2 Qb7 14. b3 Rfd8 15. f4 Ned7 16. Bf3 Nf8
17. Rad1 Ne6 18. Na4 Qc7 19. c4 Rd7 20. Qf2 Rad8 21. f5 Nf8
22. g4 Ne8 23. g5 Be5 24. Bg4 f6 25. fxg6 hxg6 26. Bxd7 Qxd7
27. Qg2 Qc7 28. Nb2 Bxb2 29. Qxb2 d5 30. Qg2 dxc4 31. bxc4
Rxd1 32. Rxd1 Kf7 33. gxf6 exf6 34. Kh1 Ng7 35. Bc5 Nfe6
36. Bd6 Qa5 37. e5 f5 38. Qxc6 Qc3 39. Qb7+ Kg8 40. Qb3 Qa5
41. c5 Qa6 42. Qd5 Kh7 43. c6 Nh5 44. Qxe6 Ng3+ 45. Kg1 Qb6+
46. Kg2 Qb2+ 47. Kxg3 1-0

[Event "Bled Olympiad"]
[Site "Bled SLO"]
[Date "2002.10.28"]
[EventDate "2002.10.26"]
[Round "3"]
[Result "0-1"]
[White "Vinh Bui"]
[Black "Hugo Frey Perez"]
[WhiteElo "2459"]
[BlackElo "2322"]
[PlyCount "64"]

1. c4 c5 2. Nf3 g6 3. g3 Bg7 4. Bg2 Nc6 5. O-O e5 6. Nc3 Nge7
7. d3 d6 8. a3 O-O 9. Rb1 a5 10. Bd2 h6 11. Ne1 Be6 12. Nc2 d5
13. cxd5 Nxd5 14. Ne3 Nce7 15. Qc1 b6 16. Nexd5 Nxd5 17. Bxh6
Qd7 18. Qg5 Bf6 19. Qd2 Bg7 20. Rfd1 Rab8 21. Ne4 f6 22. Nc3
Kf7 23. Bxg7 Kxg7 24. b4 cxb4 25. Nxd5 Bxd5 26. Bxd5 Qxd5
27. axb4 a4 28. Rdc1 Rfc8 29. b5 a3 30. Ra1 Qb3 31. Rcb1 Qa4
32. Qb4 Rc1+ 0-1

[Event "Bled Olympiad"]
[Site "Bled SLO"]
[Date "2002.10.28"]
[EventDate "2002.10.26"]
[Round "3"]
[Result "1-0"]
[White "Hoang Thong Tu"]
[Black "Pablo Alejandro Toloza Soto"]
[WhiteElo "2507"]
[BlackElo "2349"]
[PlyCount "101"]

1. d4 Nf6 2. c4 e6 3. g3 c5 4. Nf3 d5 5. Bg2 Nc6 6. O-O dxc4
7. Qa4 Qa5 8. Qxc4 Be7 9. Nbd2 cxd4 10. Nxd4 Nxd4 11. Qxd4 O-O
12. Nc4 Qa6 13. Rd1 Bd7 14. Bf4 Nd5 15. Be5 f6 16. Bd6 Bxd6
17. Bxd5 Bxg3 18. Bxb7 Qxb7 19. Qxd7 Qa6 20. hxg3 Qxc4
21. Rac1 Qxe2 22. Rc7 Qg4 23. Rd4 Qg6 24. Qxe6+ Kh8 25. Rg4
Qb1+ 26. Kg2 Rg8 27. b4 h6 28. Qf7 Raf8 29. Qh5 Qh7 30. Rxa7
Ra8 31. Rgxg7 Rxa7 32. Rxh7+ Kxh7 33. Qf5+ Kg7 34. a4 Rd8
35. a5 Rb8 36. Qc5 Rba8 37. Kh3 Rb7 38. Qc6 Rba7 39. f4 Kg6
40. Qe4+ Kg7 41. Qc6 Kg6 42. Kh4 Ra6 43. Qc2+ f5 44. Qe2 Rf6
45. Qd2 Rb8 46. Qd5 Kh7 47. b5 Rg8 48. a6 Rg7 49. Qc5 Rd7
50. a7 Rd1 51. a8=Q 1-0

[Event "Bled Olympiad"]
[Site "Bled SLO"]
[Date "2002.10.28"]
[EventDate "2002.10.26"]
[Round "3"]
[Result "0-1"]
[White "Shojaat Ghane"]
[Black "Marat Dzhumaev"]
[WhiteElo "2406"]
[BlackElo "2495"]
[PlyCount "92"]

1. d4 f5 2. Bg5 h6 3. Bf4 Nf6 4. Nd2 e6 5. h4 g6 6. e4 fxe4
7. h5 g5 8. Be5 Nc6 9. Bb5 d5 10. f3 Bd7 11. Bxc6 Bxc6
12. fxe4 dxe4 13. Qe2 Bg7 14. O-O-O O-O 15. Nh3 e3 16. Nf3 Nd5
17. Bxg7 Kxg7 18. Ne5 Nf4 19. Qxe3 Nxg2 20. Qd3 Rf5 21. Rhg1
Nh4 22. Rg3 Qd5 23. c4 Qe4 24. Qa3 Re8 25. Qa5 b6 26. Qxa7 Bb7
27. Qa4 Rd8 28. Qa3 c5 29. Re3 Qg2 30. d5 exd5 31. Rg3 Qh2
32. Ng4 Qe2 33. cxd5 Qc4+ 34. Qc3+ Qxc3+ 35. bxc3 Rfxd5
36. Rxd5 Rxd5 37. Re3 Nf5 38. Re6 Rd6 39. Re5 Bc8 40. Nhf2 Ng3
41. Re7+ Kf8 42. Rh7 Ne2+ 43. Kb2 Rd2+ 44. Kb3 Nc1+ 45. Ka4
Ba6 46. a3 Bc8 0-1

[Event "Bled Olympiad"]
[Site "Bled SLO"]
[Date "2002.10.28"]
[EventDate "2002.10.26"]
[Round "3"]
[Result "1/2-1/2"]
[White "Shukhrat Safin"]
[Black "Morteza Mahjoob"]
[WhiteElo "2542"]
[BlackElo "2393"]
[PlyCount "110"]

1. d4 f5 2. g3 Nf6 3. Bg2 g6 4. c4 d6 5. Nc3 Bg7 6. d5 O-O
7. Nh3 Na6 8. O-O Nc5 9. Qc2 e5 10. dxe6 Nxe6 11. b3 Ng4
12. Bb2 g5 13. Nd5 Bxb2 14. Qxb2 c6 15. Nc3 Ne5 16. Qd2 f4
17. Rad1 Qf6 18. Ne4 Qg7 19. Qxd6 g4 20. Nxf4 Nxf4 21. gxf4
Rxf4 22. Ng3 Rf8 23. f4 gxf3 24. exf3 a5 25. Rfe1 Nxf3+
26. Bxf3 Rxf3 27. Re8+ Rf8 28. Qxf8+ Qxf8 29. Rxf8+ Kxf8
30. Rd8+ Ke7 31. Rh8 Kd6 32. Ne4+ Kc7 33. c5 h6 34. Kf2 b5
35. Nd6 Rb8 36. Nxc8 Rxc8 37. Rxc8+ Kxc8 38. Kg3 Kd7 39. Kg4
Ke6 40. Kh5 Kd5 41. Kxh6 Kxc5 42. h4 Kb4 43. h5 c5 44. Kg6 c4
45. bxc4 bxc4 46. h6 c3 47. h7 c2 48. h8=Q c1=Q 49. Qb8+ Kc3
50. Qb3+ Kd4 51. Qa4+ Qc4 52. Qxa5 Qc6+ 53. Kg7 Qd7+ 54. Kf8
Qc8+ 55. Kf7 Qd7+ 1/2-1/2

[Event "Bled Olympiad"]
[Site "Bled SLO"]
[Date "2002.10.28"]
[EventDate "2002.10.26"]
[Round "3"]
[Result "1/2-1/2"]
[White "Amir Mallahi"]
[Black "Saidali Iuldachev"]
[WhiteElo "2406"]
[BlackElo "2511"]
[PlyCount "63"]

1. e4 e5 2. Nc3 Nf6 3. f4 d5 4. fxe5 Nxe4 5. Nf3 Be7 6. Qe2
Nxc3 7. dxc3 c5 8. Bf4 Nc6 9. Qf2 h6 10. c4 Be6 11. O-O-O d4
12. a3 Qa5 13. Bd3 Qa4 14. Kb1 a6 15. Bc1 b5 16. b3 Qa5
17. Qe2 Rb8 18. h4 Kd7 19. Nd2 Rhc8 20. g4 Qc7 21. Rde1 Na5
22. Bf5 Qb6 23. Bb2 Ke8 24. Bd3 Qc6 25. Ref1 Kd8 26. Rfg1 Kc7
27. g5 Rh8 28. g6 fxg6 29. Rh2 g5 30. hxg5 Bxg5 31. cxb5 axb5
32. Nf3 1/2-1/2

[Event "Bled Olympiad"]
[Site "Bled SLO"]
[Date "2002.10.28"]
[EventDate "2002.10.26"]
[Round "3"]
[Result "1-0"]
[White "Sergey Zagrebelny"]
[Black "Ehsan Ghaem Maghami"]
[WhiteElo "2525"]
[BlackElo "2511"]
[PlyCount "137"]

1. e4 c5 2. Nf3 d6 3. d4 cxd4 4. Nxd4 Nf6 5. Nc3 a6 6. Be2 e5
7. Nb3 Be7 8. O-O O-O 9. Be3 b6 10. Qd2 Bb7 11. f3 d5 12. exd5
Nxd5 13. Nxd5 Bxd5 14. Rad1 Be6 15. Qxd8 Bxd8 16. f4 exf4
17. Bxf4 Nc6 18. Bf3 Rc8 19. Bxc6 Rxc6 20. Nd4 Rc8 21. Nxe6
fxe6 22. c3 Be7 23. Be3 Rcd8 24. Rxf8+ Kxf8 25. Rxd8+ Bxd8
26. Kf2 Ke8 27. Bd4 g6 28. Kf3 b5 29. Ke4 Bc7 30. Be5 Bb6
31. Kd3 Kd7 32. c4 Kc6 33. h3 Bc5 34. cxb5+ axb5 35. Ke4 Be7
36. Bg7 Bd6 37. Kd4 Bc5+ 38. Ke5 Kd7 39. Bh6 Bd6+ 40. Kd4 Kc6
41. Bc1 Be7 42. Ke5 Kd7 43. b3 Bd6+ 44. Kd4 Bf8 45. a4 Bg7+
46. Kc5 bxa4 47. bxa4 Bc3 48. Be3 Kc7 49. Bd4 Be1 50. Be5+ Kb7
51. Kb5 h5 52. Bd6 g5 53. g4 hxg4 54. hxg4 Bd2 55. a5 Bc3
56. a6+ Ka8 57. Bc5 Be5 58. Be3 Bf6 59. Kc6 e5 60. Kd5 e4
61. Kxe4 Bb2 62. Kf5 Ba3 63. Bxg5 Bb4 64. Be3 Be7 65. Bd4 Bh4
66. Bf6 Bf2 67. g5 Be3 68. g6 Bh6 69. Ke5 1-0

[Event "Bled Olympiad"]
[Site "Bled SLO"]
[Date "2002.10.28"]
[EventDate "2002.10.26"]
[Round "3"]
[Result "1-0"]
[White "Alfonso Romero Holmes"]
[Black "Christian Esplana"]
[WhiteElo "2524"]
[BlackElo "2352"]
[PlyCount "85"]

1. c4 e5 2. g3 Nc6 3. Bg2 g6 4. e4 Bg7 5. Ne2 f5 6. exf5 gxf5
7. d4 exd4 8. O-O Nf6 9. Nxd4 Nxd4 10. Qxd4 O-O 11. Nc3 c6
12. Bf4 Nh5 13. Be5 Bxe5 14. Qxe5 d6 15. Qe2 Ng7 16. Rad1 Be6
17. Rd4 Qc7 18. Qd2 Ne8 19. Re1 Rf6 20. Ne2 Rd8 21. Qg5+ Qg7
22. Qe3 Qc7 23. Rh4 a6 24. Qc3 Rf8 25. Nf4 Bc8 26. Ng6 Qg7
27. Qxg7+ Nxg7 28. Nxf8 Rxf8 29. Rh6 Re8 30. Rd1 Be6 31. b3
Rd8 32. Rd4 Kf7 33. Rxh7 Rd7 34. Rh8 Ne8 35. Bd5 Nf6 36. Bxe6+
Kxe6 37. Rd1 d5 38. cxd5+ cxd5 39. Rc8 Rd6 40. f3 b5 41. Kf2
Kd7 42. Rc2 Re6 43. Re1 1-0

[Event "Bled Olympiad"]
[Site "Bled SLO"]
[Date "2002.10.28"]
[EventDate "2002.10.26"]
[Round "3"]
[Result "1/2-1/2"]
[White "Josif D Dorfman"]
[Black "Vasile Sanduleac"]
[WhiteElo "2617"]
[BlackElo "2471"]
[PlyCount "61"]

1. d4 d6 2. g3 g6 3. Bg2 Bg7 4. e4 e5 5. dxe5 Bxe5 6. Ne2 Nc6
7. Nbc3 Bg7 8. Be3 Be6 9. Qd2 Nf6 10. h3 Qd7 11. Bh6 Bxh6
12. Qxh6 O-O-O 13. O-O-O Kb8 14. Rhe1 Ng8 15. Qg7 Nge7 16. f4
Bxh3 17. Bxh3 Qxh3 18. Qxf7 Rhf8 19. Qc4 h5 20. Rh1 Qd7
21. Qb5 Rde8 22. a3 Qe6 23. Kb1 Ng8 24. Nd4 Nxd4 25. Rxd4 a6
26. Qg5 Qf6 27. Rd5 Qg7 28. Re1 Ne7 29. Rdd1 Qf7 30. Rf1 Qf6
31. Qxf6 1/2-1/2

[Event "Bled Olympiad"]
[Site "Bled SLO"]
[Date "2002.10.28"]
[EventDate "2002.10.26"]
[Round "3"]
[Result "1-0"]
[White "Vugar Gashimov"]
[Black "Jo Gonzalez"]
[WhiteElo "2580"]
[BlackElo "2019"]
[PlyCount "47"]

1. e4 e6 2. d4 d5 3. Nc3 Nf6 4. Bg5 dxe4 5. Nxe4 Nbd7 6. Nf3
h6 7. Bh4 Be7 8. Nxf6+ Bxf6 9. Bxf6 Qxf6 10. Qe2 c5 11. O-O-O
O-O 12. Qe3 cxd4 13. Rxd4 Qe7 14. g4 e5 15. Re4 Qd6 16. g5 h5
17. Bc4 Nb6 18. Bb3 Be6 19. Rd1 Qc7 20. g6 Bxb3 21. Qxb3 Rad8
22. Rxd8 Qxd8 23. gxf7+ Kh8 24. Rxe5 1-0

[Event "Bled Olympiad"]
[Site "Bled SLO"]
[Date "2002.10.28"]
[EventDate "2002.10.26"]
[Round "3"]
[Result "1-0"]
[White "Jonny Hector"]
[Black "Geert van der Stricht"]
[WhiteElo "2590"]
[BlackElo "2403"]
[PlyCount "77"]

1. e4 c5 2. Nf3 d6 3. d4 cxd4 4. Nxd4 Nf6 5. Nc3 a6 6. Bg5 e6
7. f4 Be7 8. Qf3 Qc7 9. O-O-O Nbd7 10. g4 b5 11. Bxf6 Nxf6
12. g5 Nd7 13. Kb1 b4 14. Nce2 Bb7 15. Bg2 g6 16. h4 e5
17. fxe5 dxe5 18. Nb3 O-O 19. h5 Rad8 20. Qh3 Bxg5 21. hxg6 h6
22. gxf7+ Rxf7 23. Ng3 Rf2 24. Na1 Nc5 25. Nf5 Rxd1+ 26. Rxd1
Rd2 27. Rxd2 Bxd2 28. Nb3 Nxb3 29. axb3 Kh7 30. Qg4 Bf4
31. Bf1 Bc8 32. Bc4 Bg5 33. Qd1 Qd8 34. Qh5 Qf8 35. Nd6 Bd7
36. Bxa6 Be6 37. Nf5 Bxf5 38. exf5 Qxf5 39. Qe8 1-0

[Event "Bled Olympiad"]
[Site "Bled SLO"]
[Date "2002.10.28"]
[EventDate "2002.10.26"]
[Round "3"]
[Result "1/2-1/2"]
[White "Ekrem Cekro"]
[Black "Evgenij Agrest"]
[WhiteElo "2432"]
[BlackElo "2607"]
[PlyCount "103"]

1. c4 e5 2. Nc3 d6 3. g3 f5 4. Bg2 Nf6 5. d3 c6 6. Nf3 Be7
7. O-O Na6 8. Rb1 Nc7 9. c5 O-O 10. e4 Kh8 11. Qe2 fxe4
12. dxe4 Bg4 13. cxd6 Bxd6 14. h3 Bxf3 15. Qxf3 Bc5 16. Ne2
Ne6 17. Qc3 Qb6 18. Qxe5 Bxf2+ 19. Kh2 Rae8 20. Qc3 Nc7
21. Bf4 Nb5 22. Qc4 Be3 23. Rbd1 Bxf4 24. Nxf4 Nc7 25. a4 a5
26. Qc3 Qb4 27. Qxb4 axb4 28. Rd4 Na6 29. a5 Kg8 30. Rfd1 g5
31. Nd3 Rd8 32. Ne5 Rxd4 33. Rxd4 Re8 34. Nc4 Re7 35. Rd8+ Re8
36. Rd4 Re7 37. Rd8+ Kf7 38. e5 Nh5 39. Be4 h6 40. Bf5 Nc7
41. Rh8 Nb5 42. Rh7+ Kf8 43. Rxh6 Ng7 44. Rh8+ Kf7 45. Bg4 Kg6
46. Kg2 b3 47. Rd8 Nf5 48. Rg8+ Ng7 49. Rd8 Nf5 50. Rg8+ Ng7
51. Kf3 Rf7+ 52. Ke4 1/2-1/2

[Event "Bled Olympiad"]
[Site "Bled SLO"]
[Date "2002.10.28"]
[EventDate "2002.10.26"]
[Round "3"]
[Result "1/2-1/2"]
[White "Douglas Marshall Bryson"]
[Black "Thomas Luther"]
[WhiteElo "2388"]
[BlackElo "2538"]
[PlyCount "55"]

1. e4 Nf6 2. e5 Nd5 3. d4 d6 4. c4 Nb6 5. f4 dxe5 6. fxe5 c5
7. d5 e6 8. Nc3 exd5 9. cxd5 c4 10. d6 Nc6 11. Nf3 Bg4 12. Bf4
g5 13. Ne4 gxf4 14. Nf6+ Qxf6 15. exf6 O-O-O 16. Qc1 Re8+
17. Kf2 Bxd6 18. Bxc4 Bc5+ 19. Kf1 Be3 20. Qc3 Nxc4 21. Qxc4
Rd8 22. Re1 Bxf3 23. gxf3 Rd2 24. Re2 Rd1+ 25. Re1 Rd2 26. Re2
Rd1+ 27. Re1 Rd2 28. Re2 1/2-1/2

[Event "Bled Olympiad"]
[Site "Bled SLO"]
[Date "2002.10.28"]
[EventDate "2002.10.26"]
[Round "3"]
[Result "1-0"]
[White "Joerg Hickl"]
[Black "Colin A McNab"]
[WhiteElo "2605"]
[BlackElo "2406"]
[PlyCount "73"]

1. Nf3 g6 2. g3 Bg7 3. Bg2 d6 4. c4 e5 5. Nc3 Nf6 6. O-O O-O
7. d3 Nbd7 8. Rb1 a5 9. a3 c6 10. Nd2 Nc5 11. b4 axb4 12. axb4
Ne6 13. b5 d5 14. bxc6 bxc6 15. Bb2 Nc5 16. Ra1 Rxa1 17. Qxa1
Re8 18. Qa7 Bf8 19. Ba3 Ne6 20. Bxf8 Rxf8 21. Qa2 d4 22. Nce4
Nxe4 23. Nxe4 Bd7 24. Qa7 f5 25. Nd2 Rf7 26. Rb1 Qf6 27. Rb6
Nc5 28. Rb8+ Rf8 29. Rxf8+ Qxf8 30. Qc7 Qf6 31. Nb3 Nxb3
32. Qxd7 Nc1 33. Qc8+ Qf8 34. Qe6+ Qf7 35. Qxe5 Qd7 36. Qb8+
Kg7 37. Qb2 1-0

[Event "Bled Olympiad"]
[Site "Bled SLO"]
[Date "2002.10.28"]
[EventDate "2002.10.26"]
[Round "3"]
[Result "1-0"]
[White "Petronio Roca"]
[Black "John Emms"]
[WhiteElo "2423"]
[BlackElo "2520"]
[PlyCount "85"]

1. d4 Nf6 2. Nf3 e6 3. Bg5 c5 4. c3 d5 5. Nbd2 Nbd7 6. e3 Be7
7. Bd3 Qc7 8. O-O O-O 9. Rc1 h6 10. Bh4 b6 11. e4 dxe4
12. Nxe4 Bb7 13. Bg3 Qc6 14. Re1 Rfd8 15. Bb1 Nxe4 16. Bxe4
Qc8 17. Bb1 Qc6 18. Qd3 Nf8 19. Qf1 Qe8 20. dxc5 Bxc5 21. Be4
Bxe4 22. Rxe4 Qc6 23. Qe2 Ng6 24. h4 Ne7 25. h5 Nf5 26. Bh2 a5
27. a4 Rac8 28. Re1 Qd5 29. g4 Ne7 30. Bg3 Qb7 31. Bh4 Re8
32. Rd1 Nd5 33. g5 hxg5 34. Bxg5 Qc7 35. Rxd5 Qg3+ 36. Kh1
Bxf2 37. Rd2 Qh3+ 38. Nh2 Rc5 39. Qg4 Qxg4 40. Rxg4 Rf5 41. h6
f6 42. Bf4 g5 43. Rxf2 1-0

[Event "Bled Olympiad"]
[Site "Bled SLO"]
[Date "2002.10.28"]
[EventDate "2002.10.26"]
[Round "3"]
[Result "1-0"]
[White "Michael Adams"]
[Black "Eugenio Torre"]
[WhiteElo "2745"]
[BlackElo "2523"]
[PlyCount "105"]

1. e4 e5 2. Nf3 Nc6 3. Bb5 a6 4. Ba4 Nf6 5. O-O Be7 6. Re1 b5
7. Bb3 d6 8. c3 O-O 9. h3 Na5 10. Bc2 c5 11. d4 Qc7 12. Nbd2
Rd8 13. b3 Bd7 14. d5 c4 15. b4 Nb7 16. a4 a5 17. Ba3 axb4
18. Bxb4 Nc5 19. axb5 Bxb5 20. Bxc5 Qxc5 21. Ba4 Nd7 22. Bxb5
Qxb5 23. Rb1 Qc5 24. Rb4 Nb6 25. Qc2 Ra6 26. Reb1 Rda8 27. g3
Bd8 28. Kg2 g6 29. R1b2 Kg7 30. h4 h5 31. Nh2 Na4 32. Ra2 Nb6
33. Rxa6 Rxa6 34. Nhf1 Ra1 35. Ne3 Re1 36. Ndxc4 Nxc4 37. Rxc4
Qb5 38. Rb4 Qa6 39. Ra4 Qb5 40. Rb4 Qa6 41. Ra4 Qb5 42. c4 Qc5
43. Ra6 Bb6 44. Qb2 Ba7 45. Qd2 Rb1 46. Rc6 Qd4 47. Nf5+ gxf5
48. Qg5+ Kh7 49. Qxh5+ Kg7 50. Qg5+ Kh7 51. Qxf5+ Kg7 52. Rxd6
Rb8 53. h5 1-0

[Event "Bled Olympiad"]
[Site "Bled SLO"]
[Date "2002.10.28"]
[EventDate "2002.10.26"]
[Round "3"]
[Result "1/2-1/2"]
[White "Rogelio Antonio Jr"]
[Black "Nigel Short"]
[WhiteElo "2507"]
[BlackElo "2684"]
[PlyCount "21"]

1. e4 e5 2. Nf3 Nc6 3. d4 exd4 4. Nxd4 Bc5 5. Nxc6 Qf6 6. Qd2
Qxc6 7. Nc3 Nf6 8. Bd3 O-O 9. O-O Re8 10. Qf4 b6 11. Bd2
1/2-1/2

[Event "Bled Olympiad"]
[Site "Bled SLO"]
[Date "2002.10.28"]
[EventDate "2002.10.26"]
[Round "3"]
[Result "0-1"]
[White "John K Shaw"]
[Black "Rustem Dautov"]
[WhiteElo "2484"]
[BlackElo "2617"]
[PlyCount "191"]

1. e4 c6 2. d4 d5 3. Nd2 dxe4 4. Nxe4 Bf5 5. Ng3 Bg6 6. Nf3
Nf6 7. Bd3 e6 8. O-O Nbd7 9. c4 Bd6 10. b3 O-O 11. Bb2 Qa5
12. Bxg6 hxg6 13. a3 b5 14. b4 Qa6 15. c5 Bxg3 16. hxg3 Qb7
17. Bc3 Nd5 18. Bd2 Rfe8 19. Re1 f6 20. Re4 Nf8 21. g4 g5
22. g3 Re7 23. Qc2 Rae8 24. Rae1 g6 25. Kg2 Rh7 26. Qc1 Ree7
27. Rf1 Qd7 28. Qb1 Rh8 29. Ree1 Reh7 30. Rh1 Rxh1 31. Rxh1
Rxh1 32. Kxh1 Kg7 33. Kg2 Qc8 34. Qd3 Nd7 35. Qe4 Qe8 36. Kf1
Qe7 37. Kg2 Qe8 38. Kf1 Kg8 39. Kg2 Nb8 40. Kf1 Na6 41. Kg2
Nac7 42. Kf1 Kg7 43. Kg2 Qc8 44. Qd3 Ne7 45. Qe4 Qd7 46. Kf1
Ng8 47. Ke2 Nh6 48. Ne1 Nf7 49. Nf3 Nd5 50. Kf1 Qe7 51. Kg2
Qd7 52. Kf1 Ne7 53. Ke2 Nd5 54. Kf1 Qe8 55. Kg2 Qc8 56. Qe2
Ne7 57. Qe4 Ng8 58. Kf1 Ngh6 59. Bc3 Kh7 60. Bd2 Qd7 61. Ke2
Qc8 62. Kf1 Kg7 63. Kg2 Qd7 64. Kf1 Nxg4 65. Bxg5 f5 66. Qf4
Qd5 67. Kg1 Qe4 68. Be7 e5 69. dxe5 Nfxe5 70. Nxe5 Nxe5
71. Bd6 Qxf4 72. gxf4 Nc4 73. Bb8 Nxa3 74. Be5+ Kf7 75. Kf1
Ke6 76. Ke2 Nc4 77. Bc3 Kd5 78. Kd3 a6 79. f3 a5 80. bxa5 Kxc5
81. Bd4+ Kd5 82. a6 c5 83. Bf2 Nb6 84. a7 Kc6 85. Kc2 Kb7
86. Bxc5 Kxa7 87. Kc3 Ka6 88. Kd4 Ka5 89. Be7 b4 90. Bf6 b3
91. Kd3 Nd5 92. Be5 Ka4 93. Bd6 Nb4+ 94. Kc3 Ka3 95. Bxb4+ Ka2
96. Kd4 0-1

[Event "Bled Olympiad"]
[Site "Bled SLO"]
[Date "2002.10.28"]
[EventDate "2002.10.26"]
[Round "3"]
[Result "1-0"]
[White "Ivan Sokolov"]
[Black "Vidmantas Malisauskas"]
[WhiteElo "2684"]
[BlackElo "2521"]
[PlyCount "51"]

1. d4 Nf6 2. c4 g6 3. Nc3 d5 4. Bg5 Ne4 5. Bh4 Nxc3 6. bxc3 c5
7. cxd5 Qxd5 8. e3 Bg7 9. Qf3 Qe6 10. Bb5+ Bd7 11. Qxb7 O-O
12. Nf3 Nc6 13. Ng5 Qd5 14. e4 Qd6 15. Bg3 e5 16. dxe5 Bxe5
17. Bxe5 Nxe5 18. Rd1 Qf6 19. Bxd7 Nxd7 20. O-O Nb6 21. f4
Rab8 22. Qxa7 h6 23. e5 Qf5 24. e6 hxg5 25. e7 Qf6 26. fxg5
1-0

[Event "Bled Olympiad"]
[Site "Bled SLO"]
[Date "2002.10.28"]
[EventDate "2002.10.26"]
[Round "3"]
[Result "1-0"]
[White "Erik van den Doel"]
[Black "Vaidas Sakalauskas"]
[WhiteElo "2594"]
[BlackElo "2450"]
[PlyCount "85"]

1. e4 e6 2. d4 d5 3. Nc3 Nf6 4. Bg5 dxe4 5. Nxe4 Be7 6. Bxf6
Bxf6 7. Nf3 Nd7 8. Qd2 O-O 9. O-O-O Be7 10. Bd3 b6 11. Qe2 Bb7
12. h4 Nf6 13. Neg5 Bxf3 14. Nxf3 Qd6 15. Ne5 c5 16. dxc5 Qxc5
17. Kb1 Bd6 18. Nc4 Rfd8 19. g4 Bf8 20. Nd2 Qb4 21. Ne4 Nxe4
22. Bxe4 Rac8 23. h5 Be7 24. a3 Qc5 25. f4 Qc7 26. Qf3 Rxd1+
27. Rxd1 Rd8 28. Bd3 Rd5 29. Re1 Rd4 30. f5 e5 31. h6 f6
32. hxg7 Bd8 33. g5 Qxg7 34. g6 h6 35. Bc4+ Kh8 36. Bf7 Qf8
37. Rh1 Kg7 38. Qh3 Qh8 39. Ba2 Be7 40. Qb3 Qe8 41. c3 Rd8
42. Qc4 Bc5 43. Rxh6 1-0

[Event "Bled Olympiad"]
[Site "Bled SLO"]
[Date "2002.10.28"]
[EventDate "2002.10.26"]
[Round "3"]
[Result "1/2-1/2"]
[White "Igors Rausis"]
[Black "Martin Neubauer"]
[WhiteElo "2537"]
[BlackElo "2388"]
[PlyCount "33"]

1. d4 c5 2. c3 cxd4 3. cxd4 d5 4. Nc3 Nf6 5. Bf4 Nc6 6. e3 Bf5
7. Qb3 Na5 8. Qa4+ Bd7 9. Qc2 Rc8 10. Bd3 e6 11. Nf3 Bb4
12. O-O O-O 13. Ne5 Nc4 14. Bg5 Nxb2 15. Qxb2 Bxc3 16. Qe2
Bxa1 17. Bxf6 1/2-1/2

[Event "Bled Olympiad"]
[Site "Bled SLO"]
[Date "2002.10.28"]
[EventDate "2002.10.26"]
[Round "3"]
[Result "1-0"]
[White "Mohamad Al-Modiahki"]
[Black "Catarino Domingos"]
[WhiteElo "2550"]
[BlackElo "2247"]
[PlyCount "205"]

1. e4 e5 2. Nf3 Nc6 3. Bb5 a6 4. Ba4 Nf6 5. O-O Be7 6. Re1 b5
7. Bb3 d6 8. c3 O-O 9. d3 Na5 10. Bc2 c5 11. Nbd2 Re8 12. Nf1
Bf8 13. Bg5 h6 14. Bh4 Nc6 15. Ne3 Be7 16. d4 Ng4 17. Bxe7
Qxe7 18. Nd5 Qd8 19. dxc5 dxc5 20. a4 Rb8 21. axb5 axb5
22. Qe2 Nf6 23. Rad1 Nd7 24. b4 c4 25. Rd2 Ra8 26. Red1 Ra3
27. Qe3 Ra6 28. h3 Ra3 29. Bb1 Ra6 30. Nh2 Ra1 31. Ng4 Re6
32. f4 h5 33. Nh2 exf4 34. Nxf4 Re8 35. e5 Rxe5 36. Qf2 g6
37. Nf3 Re8 38. Qg3 h4 39. Nxh4 Qb6+ 40. Kh2 Qe3 41. Qxe3 Rxe3
42. Nd5 Re6 43. Nc7 Re3 44. Nxb5 Nde5 45. Kg1 Nd3 46. Nd6 Be6
47. Nf3 Bd5 48. Bxd3 Rxd1+ 49. Rxd1 cxd3 50. Kf2 Re2+ 51. Kg3
Re6 52. Nb5 Re3 53. Rd2 Ne5 54. Nbd4 Nc4 55. Kf2 f5 56. Rd1 f4
57. Nd2 Nd6 58. b5 Rg3 59. N4f3 Nxb5 60. Nf1 Bxf3 61. gxf3
Rxh3 62. Rxd3 Rh7 63. c4 Nc7 64. Rd8+ Kg7 65. Rd7+ Kh6
66. Rxh7+ Kxh7 67. Ke2 Kg7 68. Kd3 Kf6 69. Kd4 Kf5 70. Nh2 Ke6
71. Ng4 Na6 72. Ne5 g5 73. Nd3 Kf5 74. Nf2 Nb4 75. c5 Ke6
76. Ke4 Nc6 77. Nh3 Kf6 78. Kd5 Nb4+ 79. Kd6 Kg6 80. Nf2 Kh5
81. Nd3 Nxd3 82. c6 Ne1 83. c7 Nxf3 84. c8=Q Kh4 85. Kd5 Kg3
86. Qc3 Kg4 87. Ke4 Nh4 88. Qc8+ Kg3 89. Qg8 Kg4 90. Qc4 Kg3
91. Qg8 Kg4 92. Kd3 Nf3 93. Ke2 Kg3 94. Qb3 g4 95. Qc3 Kg2
96. Qc6 Kg3 97. Qd6 Nh4 98. Kf1 Nf3 99. Qd3 Kh2 100. Qc2+ Kh3
101. Kf2 Nh4 102. Qc8 Nf3 103. Qf8 1-0

[Event "Bled Olympiad"]
[Site "Bled SLO"]
[Date "2002.10.28"]
[EventDate "2002.10.26"]
[Round "3"]
[Result "0-1"]
[White "Amorim Agnelo"]
[Black "Mohamad Naser Al Sayed"]
[WhiteElo "2266"]
[BlackElo "2435"]
[PlyCount "40"]

1. e4 c5 2. Nf3 g6 3. c3 Bg7 4. d4 cxd4 5. cxd4 d5 6. e5 Bg4
7. Nc3 Nc6 8. Be2 Nh6 9. h3 Bxf3 10. Bxf3 e6 11. g4 O-O
12. O-O f6 13. Re1 fxe5 14. dxe5 Qh4 15. Bg2 Qxf2+ 16. Kh1
Nxg4 17. hxg4 Qh4+ 18. Kg1 Nxe5 19. Re3 Nxg4 20. Rh3 Bd4+ 0-1

[Event "Bled Olympiad"]
[Site "Bled SLO"]
[Date "2002.10.28"]
[EventDate "2002.10.26"]
[Round "3"]
[Result "1-0"]
[White "Ramon Mateo"]
[Black "Warren Elliott"]
[WhiteElo "2420"]
[BlackElo "2238"]
[PlyCount "83"]

1. e4 c5 2. Nf3 Nc6 3. d4 cxd4 4. Nxd4 Nf6 5. Nc3 e5 6. Ndb5
d6 7. Nd5 Nxd5 8. exd5 Nb8 9. c4 Be7 10. Be2 O-O 11. O-O a6
12. Nc3 f5 13. f4 Bf6 14. Kh1 Nd7 15. a4 b6 16. Ra3 exf4
17. Bxf4 Be5 18. Bxe5 Nxe5 19. Qd4 Rb8 20. Nb1 Bd7 21. Nd2 Re8
22. Rg3 Qe7 23. Bd1 Rec8 24. h3 b5 25. cxb5 axb5 26. a5 Ra8
27. b4 Rc1 28. Be2 Rac8 29. a6 Ng4 30. Rxc1 Rxc1+ 31. Bf1 Qh4
32. Rf3 Rc8 33. Qf4 Qh6 34. Qxh6 Nxh6 35. Ra3 Ra8 36. Nb3 f4
37. Nd4 g5 38. Bxb5 Bxb5 39. Nxb5 Nf5 40. a7 Ne3 41. Nc7 Kf7
42. Nxa8 1-0

[Event "Bled Olympiad"]
[Site "Bled SLO"]
[Date "2002.10.28"]
[EventDate "2002.10.26"]
[Round "3"]
[Result "1/2-1/2"]
[White "Aleksei Kulashko"]
[Black "Pierre Kuntz"]
[WhiteElo "2400"]
[BlackElo "2200"]
[PlyCount "56"]

1. Nf3 Nf6 2. b3 c5 3. Bb2 e6 4. e3 Nc6 5. Bb5 Be7 6. O-O O-O
7. d4 b6 8. Nbd2 cxd4 9. exd4 Bb7 10. Ne5 Qc7 11. a3 d6
12. Ng4 Nb8 13. Nxf6+ Bxf6 14. Bd3 g6 15. Qg4 Bg7 16. Rae1 Nd7
17. Nf3 e5 18. Ng5 h6 19. Nh3 Nf6 20. Qd1 e4 21. Be2 Bc8
22. Nf4 d5 23. Bc1 g5 24. Nh5 Nxh5 25. Bxh5 Ba6 26. Be2 Bxe2
27. Rxe2 Qc3 28. Qd2 Qxd2 1/2-1/2